01365nam a22002777a 4500003000400000005001700004008004100021040001000062041000800072100002400080245007800104246005300182520044900235630000800684650006000692650002700752650002100779650001900800650002800819856009100847942001200938942000800950942001100958999001700969952010100986OSt20231027094041.0231027b |||||||| |||| 00| 0 eng d cSTCPL aENG aAariya Sen, et al.  aThe Reserve Bank of India’s trilemma choice : A tale of five governors  aEPWfVol.58; No.41 - g14 Oct. 2023 hpp. 17-22  aThe Reserve Bank of India, like most central banks, has to choose between the three corners of the impossible trinity, that is, free capital flows, monetary policy independence and exchange rate stability. This article uses the Aizenman et al (2008) framework to analyse the trilemma choice of the RBI over 2000–22. The results provide interesting insights into the RBI’s shifting position in managing the impossible trinity over the years. aECO aFiscal Responsibility and Budget Management (FRBM) Act  aReserve Bank of India  aMonetary policy  aCapital flows  aExchange Rate Stability uhttps://www.epw.in/journal/2023/41/commentary/reserve-bank-indias-trilemma-choice.html cARTICLE 2ddc 2ddcn0 c80544d80544 00102ddc40708ECOaSTCPLbSTCPLcBVSd2023-10-27l0r2023-10-27 00:00:00w2023-10-27yARTICLE